Ama handbook for managing business to business marketing communications / (Record no. 344590)

000 -LEADER
fixed length control field 00930 a2200217 4500
020 ## - INTERNATIONAL STANDARD BOOK NUMBER
International Standard Book Number 0844235954
020 ## - INTERNATIONAL STANDARD BOOK NUMBER
International Standard Book Number 9780844235950
082 04 - DEWEY DECIMAL CLASSIFICATION NUMBER
Classification number 658.8
090 ## - LOCALLY ASSIGNED LC-TYPE CALL NUMBER (OCLC); LOCAL CALL NUMBER (RLIN)
-- 2087
-- 2087
100 1# - MAIN ENTRY--PERSONAL NAME
Personal name Bonis, J. Nicholas De.
245 10 - TITLE STATEMENT
Title Ama handbook for managing business to business marketing communications /
Statement of responsibility, etc. J. Nicholas De Bonis.
250 ## - EDITION STATEMENT
Edition statement 1st ed.
260 ## - PUBLICATION, DISTRIBUTION, ETC.
Place of publication, distribution, etc. [S.l.] :
Name of publisher, distributor, etc. McGraw-Hill,
Date of publication, distribution, etc. 1997.
300 ## - PHYSICAL DESCRIPTION
Extent 384 p. ;
Dimensions 24 cm.
500 ## - GENERAL NOTE
General note Hardcover.
520 ## - SUMMARY, ETC.
Summary, etc. Provides the framework that will enable the marketing professional to get everyone in the organization to buy into integrated communications objectives and programs. DLC: Industrial marketing - Management.
700 1# - ADDED ENTRY--PERSONAL NAME
Personal name Peterson, Roger S.
856 40 - ELECTRONIC LOCATION AND ACCESS
Materials specified Amazon.com
Uniform Resource Identifier <a href="http://www.amazon.com/exec/obidos/ASIN/0844235954/chopaconline-20">http://www.amazon.com/exec/obidos/ASIN/0844235954/chopaconline-20</a>
856 40 - ELECTRONIC LOCATION AND ACCESS
Materials specified Amazon customer reviews
Uniform Resource Identifier <a href="http://www.chopac.org/cgi-bin/tools/azrev.pl?q=0844235954">http://www.chopac.org/cgi-bin/tools/azrev.pl?q=0844235954</a>
942 ## - ADDED ENTRY ELEMENTS (KOHA)
Institution code [OBSOLETE] NBS
Koha item type Book
Call number prefix 658.8 DEB
Holdings
Withdrawn status Lost status Damaged status Not for loan Permanent Location Current Location Date acquired Total Checkouts Full call number Barcode Date last seen Date last checked out Price effective from Koha item type
        Central Library (CL) Central Library (CL) 08/28/2013 1 658.8 DEB NBS3400 06/22/2016 12/29/2015 08/28/2013 Book
© 2023 Central Library, National University of Sciences and Technology. All Rights Reserved.